ბათუმის შოთა რუსთაველის სახელმწიფო უნივერსიტეტის ბიბლიოთეკა

ფერმის ბიზნესის მენეჯმენტი : (ბიბ.ჩანაწერი № 53163)

000 -ლიდერი
ფიქსირებული სიგრძის საკონტროლო ველი 01450nam a2200253Ia 4500
001 - საკონტროლო ნომერი
საკონტროლო ველი 20202
003 - საკონტროლო ნომრის იდენტიფიკატორი
საკონტროლო ველი GE_BSU
005 - ბოლო ოპერაციის თარიღი და დრო
საკონტროლო ველი 20200607233513.0
008 - ფიქსირებული სიგრძის მონაცემთა ელემენტები - ზოგადი ინფორმაცია
ფიქსირებული სიგრძის საკონტროლო ველი 181216s2016||||ge |||||||||||||| ||geo||
010 ## - კონგრესის ბიბლიოთეკის საკონტროლო ნომერი
LC საკონტროლო ნომერი 9781780646572
040 ## - კატალოგიზაციის წყარო
Transcribing agency GE_BSU
041 ## - ენის კოდი
Language code of text/sound track or separate title geo
080 ## - უნივერსალური ათობითი კლასიფიკაციის ინდექსი
Universal Decimal Classification number 005.95 ნ-19
100 ## - მთავარი ჩანაწერი - პიროვნების სახელი
Personal name ნათჰოლი, პიტერ ლ.
9 (RLIN) 8317
245 ## - ცნობა სათაურის შესახებ
Title ფერმის ბიზნესის მენეჯმენტი :
Remainder of title კარგი პრაქტიკის საფუძვლები /
Statement of responsibility, etc პიტერ ლ. ნათჰოლი ; გამოცემის რედ. ტრეისი ჰეიდი.
264 ## - წარმოების, გამოცემის, დისტრიბუციის და სხვა ცნობები
გამოცემის, წარმოების, დისტრიბუციის... ადგილი [თბილისი] :
გამოცემის, წარმოების, დისტრიბუციის... სახელწოდება გ.გ.,
გამოცემის, წარმოების, დისტრიბუციის... თარიღი 2016.
300 ## - ფიზიკური აღწერა
Extent 491 გვ. ;
Dimensions 28 სმ.
490 ## - სერიის ცნობა
Series statement ევროკავშირი საქართველოსათვის : ENPRAD : სოფლისა და სოფლის მეურნეობის განვითარების ხელშეწყობა
500 ## - ზოგადი შენიშვნა
General note GABI-თარგმნილია საქართველოს საზოგადოებრივ საქმეთა ინსტიტუტებისათვის(GIPA)
653 ## - INDEX TERM--UNCONTROLLED
Uncontrolled term მენეჯმენტი
653 ## - INDEX TERM--UNCONTROLLED
Uncontrolled term ფერმის ბიზნესის მენეჯმენტი
700 ## - ADDED ENTRY--PERSONAL NAME
Personal name ჰეიდი ტრეისი
Relator term რედაქტორი
9 (RLIN) 8318
942 ## - ADDED ENTRY ELEMENTS (KOHA)
Koha item type წიგნი
Source of classification or shelving scheme
ეგზემპლარები
ჩამოწერის სტატუსი დაკარგული ეგზემპლარის სტატუსი კლასიფიკაციის წყარო ან თაროზე გაწყობის სქემა დაზიანების სტატუსი არ გაიცემა მუდმივი მდებარეობა (დაცვის ადგილი) ამჟამინდელი ადგილსამყოფელი თაროზე განთავსების ადგილი შეძენის თარიღი შტრიხკოდი ბოლო ოპერაციის თარიღი ეგზემპლარის მიმდევრობითი ნომერი (კეტერი?) ფასის ძალაში შესვლის თარიღი ეგზემპლარის სახეობა
          ბათუმის შოთა რუსთაველის სახელმწიფო უნივერსიტეტის მთავარი ბიბლიოთეკა ბათუმის შოთა რუსთაველის სახელმწიფო უნივერსიტეტის მთავარი ბიბლიოთეკა წიგნსაცავი 2018-12-17 52773 2018-12-17 52773 2018-12-17 წიგნი
          ბათუმის შოთა რუსთაველის სახელმწიფო უნივერსიტეტის მთავარი ბიბლიოთეკა ბათუმის შოთა რუსთაველის სახელმწიფო უნივერსიტეტის მთავარი ბიბლიოთეკა წიგნსაცავი 2018-12-17 52774 2018-12-17 52774 2018-12-17 წიგნი